000 00544nam a22001577a 4500
003 OSt
008 260625b |||||||| |||| 00| 0 eng d
020 _a9789353870065
082 _a633.08
_bK92A
100 _a Krishnaprabu, S.
245 _aAgronomic Management Practices for Field Crop Production/ by S. Krishnaprabu
260 _aDelhi :
_bSatish Serial Publishing House,
_c2020.
300 _aix, 436 p.
650 _aTechnology (Applied Sciences) | Agriculture and related technologies | Field and plantation crops
942 _2ddc
_cBK
999 _c52298
_d52298